මුස්ලිම් විවාහ නීතිය පිළිබඳ විවරණයක් (Record no. 4409)

MARC details
000 -LEADER
fixed length control field 00695nam a22001697a 4500
003 - CONTROL NUMBER IDENTIFIER
control field LK-CoMWRAF
005 - DATE AND TIME OF LATEST TRANSACTION
control field 20240118093223.0
008 - FIXED-LENGTH DATA ELEMENTS--GENERAL INFORMATION
fixed length control field 231213b |||||||| |||| 00| 0 eng d
040 ## - CATALOGING SOURCE
Original cataloging agency LK-CoMWRAF
Modifying agency LK-CoMWRAF
Description conventions LK-CoMWRAF
041 ## - LANGUAGE CODE
Language code of text/sound track or separate title Sinhala; Sinhalese
082 ## - DEWEY DECIMAL CLASSIFICATION NUMBER
Classification number 346.016
Item number ZAR
942 ## - ADDED ENTRY ELEMENTS (KOHA)
Koha item type Books
100 ## - MAIN ENTRY--PERSONAL NAME
Personal name ෂරුක් අල් - අලිම් ඒ. ආර්. එම්.
245 ## - TITLE STATEMENT
Title මුස්ලිම් විවාහ නීතිය පිළිබඳ විවරණයක්
246 ## - VARYING FORM OF TITLE
Title proper/short title Muslim wiwaha neethiya pilibanda wiwaranayak
260 ## - PUBLICATION, DISTRIBUTION, ETC. (IMPRINT)
Place of publication, distribution, etc. කොළඹ :
Name of publisher, distributor, etc. මුස්ලිම් ආගමික හා සංස්කෘතික දෙපාර් තමේන්තුව
Holdings
Withdrawn status Lost status Damaged status Not for loan Permanent Location Current Location Date acquired Full call number Barcode Koha item type
        Resource center, Muslim Women's Research And Action Forum Resource center, Muslim Women's Research And Action Forum 2023-12-13 346.016 ZAR RAF3485 Books
        Resource center, Muslim Women's Research And Action Forum Resource center, Muslim Women's Research And Action Forum 2023-12-13 346.016 ZAR RAF3486 Books

Copyright © 2023 Muslim Women's Research and Action Forum (MWRAF), No 27/3, Anderson Road, Kalubowila, Dehiwela. Funded by The Asia Fundation